[Event "Norrkoeping Easter op"]
[Site "Norrkoeping"]
[Date "2023.04.07"]
[Round "1"]
[White "Pantzar, Milton"]
[Black "Magnussen, Pal"]
[Result "1-0"]
[WhiteElo "2460"]
[BlackElo "1829"]
[PlyCount "93"]
[EventDate "2023.04.07"]
[EventType "swiss"]
[EventRounds "8"]
[EventCountry "SWE"]
[SourceTitle "CBM 213 Extra"]
[Source "ChessBase"]
[SourceDate "2023.05.31"]
[SourceVersion "1"]
[SourceVersionDate "2023.05.31"]
[SourceQuality "1"]

1. d4 c5 2. d5 Nf6 3. Nc3 d6 4. e4 g6 5. Nf3 Bg7 6. Bb5+ Bd7 7. a4 0-0 8. h3 Bxb5 9. axb5 Nbd7 10. 0-0 a6 11. bxa6 Rxa6 12. Rxa6 bxa6 13. Qe2 Qb6 14. Nd2 Rb8 15. b3 Qb4 16. Na4 Qb5 17. Nc4 Ne5 18. Nc3 Qb4 19. Nxe5 Qxc3 20. Nc4 Qb4 21. Bb2 Nd7 22. Bxg7 Kxg7 23. Ra1 Ra8 24. Qd3 a5 25. Ra4 Qe1+ 26. Qf1 Qc3 27. Qa1 Qxa1+ 28. Rxa1 Kf6 29. Kf1 Ne5 30. Rxa5 Rxa5 31. Nxa5 e6 32. Ke2 exd5 33. exd5 g5 34. Ke3 Ng6 35. Nc4 Ke7 36. g3 f5 37. c3 Kd7 38. b4 Ne7 39. bxc5 dxc5 40. Ne5+ Kd6 41. Nf7+ Kxd5 42. Nxg5 h6 43. Nf3 Ke6 44. c4 Ng8 45. Ne1 Nf6 46. Nd3 Kd6 47. Kf4 1-0

[Event "Norrkoeping Easter op"]
[Site "Norrkoeping"]
[Date "2022.04.15"]
[Round "1"]
[White "Magnussen, Pal"]
[Black "Seo, Jung Min"]
[Result "0-1"]
[WhiteElo "1835"]
[BlackElo "2478"]
[PlyCount "22"]
[EventDate "2022.04.15"]
[EventType "swiss"]
[EventRounds "8"]
[EventCountry "SWE"]
[SourceTitle "CBM 207 Extra"]
[Source "ChessBase"]
[SourceDate "2022.05.31"]
[SourceVersion "1"]
[SourceVersionDate "2022.05.31"]
[SourceQuality "1"]

1. e4 c6 2. d4 d5 3. Nc3 dxe4 4. Nxe4 Nf6 5. Ng3 g6 6. Nf3 Bg7 7. Bd3 Nbd7 8. 0-0 0-0 9. Bf4 c5 10. Re1 cxd4 11. Nxd4 e5 0-1

[Event "Guernsey op 45th"]
[Site "Vale"]
[Date "2019.10.23"]
[Round "4"]
[White "Magnussen, Pal"]
[Black "Spanton, Timothy"]
[Result "1/2-1/2"]
[WhiteElo "1983"]
[BlackElo "1927"]
[PlyCount "89"]
[EventDate "2019.10.20"]
[EventType "swiss"]
[EventRounds "7"]
[EventCountry "GCI"]
[SourceTitle "EXT 2021"]
[Source "ChessBase"]
[SourceDate "2020.10.23"]
[SourceVersion "1"]
[SourceVersionDate "2020.10.23"]
[SourceQuality "1"]

1. e4 c5 2. Nf3 g6 3. d4 cxd4 4. Nxd4 Nc6 5. Nxc6 bxc6 6. Qd4 Nf6 7. e5 Nd5 8. e6 f6 9. c4 Nb4 10. Qc3 Na6 11. exd7+ Qxd7 12. Be3 e5 13. a3 Bc5 14. Be2 Bd4 15. Qc2 Rb8 16. Nc3 Bxe3 17. fxe3 Nc5 18. b4 Ne6 19. Rd1 Qe7 20. Bf3 Bd7 21. Ne4 0-0 22. c5 a5 23. Qd2 Rfd8 24. 0-0 f5 25. Nd6 axb4 26. axb4 Ng5 27. Be2 Be6 28. Qc3 Bd5 29. Bc4 Bxc4 30. Qxc4+ Qe6 31. Qc3 Nf7 32. Nc4 e4 33. h3 Rxd1 34. Rxd1 Rd8 35. Rxd8+ Nxd8 36. Qd4 Nf7 37. Nd6 Ne5 38. b5 cxb5 39. Nxb5 Nc6 40. Qa4 Kg7 41. Kf1 Qd5 42. Nd4 Nxd4 43. Qxd4+ Qxd4 44. exd4 Kf6 45. c6 1/2-1/2

[Event "Guernsey op 45th"]
[Site "Vale"]
[Date "2019.10.21"]
[Round "2"]
[White "Magnussen, Pal"]
[Black "Sikkel, Dirk"]
[Result "0-1"]
[WhiteElo "1983"]
[BlackElo "1918"]
[PlyCount "62"]
[EventDate "2019.10.20"]
[EventType "swiss"]
[EventRounds "7"]
[EventCountry "GCI"]
[SourceTitle "EXT 2021"]
[Source "ChessBase"]
[SourceDate "2020.10.23"]
[SourceVersion "1"]
[SourceVersionDate "2020.10.23"]
[SourceQuality "1"]

1. e4 g6 2. d4 Bg7 3. Bc4 d6 4. Nf3 e6 5. Nc3 a6 6. a4 Ne7 7. 0-0 b6 8. Be3 Bb7 9. Bb3 Nd7 10. Qd2 h6 11. Rad1 Nf6 12. Qd3 d5 13. exd5 Nfxd5 14. Ne5 0-0 15. Bc1 Nxc3 16. Qxc3 Nf5 17. Rfe1 Bd5 18. Bxd5 exd5 19. Qf3 Qd6 20. Bf4 Qb4 21. Qxd5 Rad8 22. Qa2 Rxd4 23. Nd3 Qa5 24. b4 Qd5 25. Qxd5 Rxd5 26. Bxc7 Bc3 27. Re4 b5 28. axb5 axb5 29. Nb2 Nd4 30. Bb6 Bxb2 31. Bxd4 Rfd8 0-1

[Event "Lidkoping op"]
[Site "Lidkoping"]
[Date "2019.08.25"]
[Round "6"]
[White "Magnussen, Pal"]
[Black "Bergre, Joachim"]
[Result "1/2-1/2"]
[WhiteElo "1983"]
[BlackElo "1928"]
[PlyCount "42"]
[EventDate "2019.08.24"]
[EventType "swiss"]
[EventRounds "7"]
[EventCountry "SWE"]
[SourceTitle "EXT 2020"]
[Source "ChessBase"]
[SourceDate "2019.10.17"]
[SourceVersion "1"]
[SourceVersionDate "2019.10.17"]
[SourceQuality "1"]

1. e4 d6 2. d4 g6 3. Nc3 Bg7 4. Nf3 a6 5. Be3 b5 6. a3 Nd7 7. Be2 Bb7 8. h3 Ngf6 9. e5 Nd5 10. Nxd5 Bxd5 11. exd6 cxd6 12. 0-0 0-0 13. Qd2 Nb6 14. Rfe1 Qd7 15. Bg5 Rfe8 16. Nh2 Nc4 17. Bxc4 Bxc4 18. Ng4 Bd5 19. Re2 Bc4 20. Ree1 Bd5 21. Re2 Bc4 1/2-1/2

[Event "Helsingor Xtracon op"]
[Site "Helsingor"]
[Date "2019.07.25"]
[Round "7"]
[White "Nilssen, Ellen Fredericia"]
[Black "Magnussen, Pal"]
[Result "1/2-1/2"]
[WhiteElo "2155"]
[BlackElo "1985"]
[PlyCount "66"]
[EventDate "2019.07.20"]
[EventType "swiss"]
[EventRounds "10"]
[EventCountry "DEN"]
[SourceTitle "CBM 191 Extra"]
[Source "ChessBase"]
[SourceDate "2019.09.30"]
[SourceVersion "1"]
[SourceVersionDate "2019.09.30"]
[SourceQuality "1"]

1. d4 Nf6 2. c4 c5 3. d5 b5 4. cxb5 a6 5. bxa6 Bxa6 6. Nc3 g6 7. g3 d6 8. Bg2 Bg7 9. Nf3 0-0 10. 0-0 Nbd7 11. Rb1 Qc7 12. Re1 Rfb8 13. b3 Ng4 14. Bb2 Qa7 15. h3 Nge5 16. Nd2 c4 17. Ba1 cxb3 18. Nxb3 Bc4 19. Qd2 Bxb3 20. axb3 Nc5 21. b4 Nc4 22. Qd1 Na3 23. Rc1 Rxb4 24. Na2 Rbb8 25. Bxg7 Kxg7 26. Qd4+ Kg8 27. Nb4 Qa4 28. Nc6 Qxd4 29. Nxd4 Rb2 30. Nc6 Kf8 31. Rc3 h5 32. h4 Nc2 33. Rd1 Nb4 1/2-1/2

[Event "Helsingor Xtracon op"]
[Site "Helsingor"]
[Date "2017.07.26"]
[Round "6"]
[White "Magnussen, Pal"]
[Black "Dahl, Max"]
[Result "0-1"]
[WhiteElo "1881"]
[BlackElo "1660"]
[PlyCount "78"]
[EventDate "2017.07.22"]
[EventType "swiss"]
[EventRounds "10"]
[EventCountry "DEN"]
[SourceTitle "CBM 179 Extra"]
[Source "ChessBase"]
[SourceDate "2017.08.23"]
[SourceVersion "1"]
[SourceVersionDate "2017.08.23"]
[SourceQuality "1"]

1. e4 e6 2. d3 d5 3. Nd2 b6 4. Ngf3 Bb7 5. g3 Nf6 6. Qe2 Be7 7. Bg2 c5 8. 0-0 Nc6 9. exd5 exd5 10. Nb3 0-0 11. Bf4 Re8 12. a4 a5 13. Qd2 Nh5 14. Rae1 Nxf4 15. Qxf4 Qd7 16. Nc1 Bf6 17. c3 h6 18. h4 d4 19. c4 Nb4 20. g4 Rxe1 21. Rxe1 Bxf3 22. Bxf3 Re8 23. Rxe8+ Qxe8 24. g5 hxg5 25. hxg5 Qe5 26. Qxe5 Bxe5 27. Be4 Bf4 28. Ne2 Bxg5 29. f4 Bd8 30. Kg2 g6 31. f5 gxf5 32. Bxf5 Kg7 33. Kf3 Kf6 34. Be4 Bc7 35. Kg4 Nc2 36. Kh5 Ke5 37. Ng3 Ne3 38. Kh4 f5 39. Bb7 Nd1 0-1

[Event "Reykjavik op"]
[Site "Reykjavik"]
[Date "2017.04.25"]
[Round "8"]
[White "Smith, Chris P"]
[Black "Magnussen, Pal"]
[Result "0-1"]
[WhiteElo "1504"]
[BlackElo "1909"]
[PlyCount "46"]
[EventDate "2017.04.19"]
[EventType "swiss"]
[EventRounds "10"]
[EventCountry "ISL"]
[SourceTitle "CBM 178 Extra"]
[Source "ChessBase"]
[SourceDate "2017.06.22"]
[SourceVersion "1"]
[SourceVersionDate "2017.06.22"]
[SourceQuality "1"]

1. d4 Nf6 2. c4 c5 3. d5 b5 4. cxb5 a6 5. bxa6 Bxa6 6. b3 d6 7. Bb2 g6 8. g3 Bg7 9. Bg2 Nbd7 10. Nh3 0-0 11. 0-0 Qb6 12. Nc3 Rfb8 13. Re1 c4 14. e4 cxb3 15. Qxb3 Qxb3 16. axb3 Rxb3 17. Bf1 Rxb2 18. Rxa6 Rxa6 19. Bxa6 Ng4 20. Rc1 Nc5 21. f3 Bd4+ 22. Kf1 Nxh2+ 23. Ke1 Nxf3+ 0-1

[Event "Reykjavik op"]
[Site "Reykjavik"]
[Date "2017.04.23"]
[Round "6"]
[White "Heidarsson, Arnar Milutin"]
[Black "Magnussen, Pal"]
[Result "1-0"]
[WhiteElo "1391"]
[BlackElo "1909"]
[PlyCount "73"]
[EventDate "2017.04.19"]
[EventType "swiss"]
[EventRounds "10"]
[EventCountry "ISL"]
[SourceTitle "CBM 178 Extra"]
[Source "ChessBase"]
[SourceDate "2017.06.22"]
[SourceVersion "1"]
[SourceVersionDate "2017.06.22"]
[SourceQuality "1"]

1. d4 Nf6 2. Bf4 g6 3. e3 Bg7 4. h3 d6 5. Nf3 0-0 6. c3 c6 7. Bd3 Nbd7 8. Nbd2 Re8 9. Qb3 Qb6 10. Bc4 Qxb3 11. Bxb3 b5 12. Ng5 Rf8 13. 0-0 a5 14. a3 h6 15. Ngf3 Re8 16. e4 e5 17. dxe5 dxe5 18. Bh2 Bb7 19. Nh4 Nf8 20. f4 exf4 21. Bxf4 g5 22. e5 Nd5 23. Ne4 Nxf4 24. Nd6 Bxe5 25. Bxf7+ Kh8 26. Nxe8 gxh4 27. Rae1 N4g6 28. Rf5 Bg3 29. Rh5 Kh7 30. Rf1 Rd8 31. Rhf5 Ne7 32. Nf6+ Kg7 33. Nh5+ Kh7 34. Nxg3 hxg3 35. R5f3 c5 36. Rxg3 Rd7 37. Be8 1-0

[Event "Guernsey op"]
[Site "Guernsey"]
[Date "2013.10.21"]
[Round "2"]
[White "Magnussen, Pal"]
[Black "Hamperl, Fred A"]
[Result "1-0"]
[WhiteElo "1926"]
[BlackElo "2129"]
[PlyCount "83"]
[EventDate "2013.10.20"]
[EventType "swiss"]
[EventRounds "7"]
[EventCountry "GCI"]
[SourceTitle "CBM 157 Extra"]
[Source "ChessBase"]
[SourceDate "2013.12.19"]
[SourceVersion "1"]
[SourceVersionDate "2013.12.19"]
[SourceQuality "1"]

1. e4 c5 2. c3 e6 3. d3 Nc6 4. Nf3 d5 5. Nbd2 Bd6 6. g3 Nge7 7. Bg2 0-0 8. 0-0 Rb8 9. Qe2 f6 10. exd5 exd5 11. c4 Re8 12. Re1 Bd7 13. Qf1 b6 14. cxd5 Nxd5 15. Nc4 Bc7 16. Bd2 Ncb4 17. Ne3 Be6 18. Bxb4 Nxb4 19. Rad1 Bxa2 20. d4 Bb3 21. dxc5 Qc8 22. cxb6 Bxb6 23. Rc1 Qd7 24. Rc3 Qf7 25. Rec1 Na2 26. Rxb3 Qxb3 27. Nd2 Qb4 28. Bd5+ Kh8 29. Rc2 Rxe3 30. fxe3 Bxe3+ 31. Kh1 Bxd2 32. Qf5 Rf8 33. Bxa2 Be3 34. Re2 Qd4 35. Kg2 g6 36. Qe6 Bh6 37. Bc4 a5 38. b3 Rd8 39. Qf7 Rf8 40. Re8 Qd2+ 41. Kh3 Qd6 42. Qg8+ 1-0